<?xml version="1.0" encoding="UTF-8"?>
<collection xmlns="http://www.loc.gov/MARC21/slim">
 <record>
  <leader>00437pamaa2200157   4500</leader>
  <controlfield tag="001">0000017906</controlfield>
  <controlfield tag="005">20070202090000.0</controlfield>
  <datafield tag="020" ind1="0" ind2="0">
   <subfield code="a">041298511X </subfield>
  </datafield>
  <datafield tag="090" ind1="0" ind2="0">
   <subfield code="a">TA551 </subfield>
   <subfield code="b">SUR 1995</subfield>
  </datafield>
  <datafield tag="245" ind1="0" ind2="4">
   <subfield code="a">The SURVEYING handbook  </subfield>
   <subfield code="c">edited by Russell C. Brinker and Roy Minnick.</subfield>
  </datafield>
  <datafield tag="250" ind1="0" ind2="0">
   <subfield code="a">2nd ed.</subfield>
  </datafield>
  <datafield tag="260" ind1="0" ind2="0">
   <subfield code="a">New York: </subfield>
   <subfield code="b">Chapman &amp; Hall, </subfield>
   <subfield code="c">1995.</subfield>
  </datafield>
  <datafield tag="300" ind1=" " ind2=" ">
   <subfield code="a">xxxi, 967p.: </subfield>
   <subfield code="b">27cm.</subfield>
  </datafield>
  <datafield tag="650" ind1="0" ind2="0">
   <subfield code="a">Surveying </subfield>
  </datafield>
  <datafield tag="700" ind1="1" ind2="1">
   <subfield code="a">BRINKER, </subfield>
   <subfield code="h">Russel C. </subfield>
  </datafield>
  <datafield tag="700" ind1="1" ind2="1">
   <subfield code="a">Minnick, </subfield>
   <subfield code="h">Roy </subfield>
  </datafield>
 </record>
</collection>
